[Event "HUN-chT2 Maroczy 0910"]
[Site "Hungary"]
[Date "2010.05.02"]
[Round "11"]
[White "Horvath, Denes"]
[Black "Marjanovic, Annamaria"]
[Result "1-0"]
[WhiteElo "2003"]
[BlackElo "1654"]
[PlyCount "59"]
[EventDate "2009.11.08"]
[EventType "team-tourn"]
[EventRounds "11"]
[EventCountry "HUN"]
[SourceTitle "EXT 2011"]
[Source "ChessBase"]
[SourceDate "2010.11.26"]
[SourceVersion "1"]
[SourceVersionDate "2010.11.26"]
[SourceQuality "1"]
[WhiteTeam "Matra"]
[BlackTeam "Maroczy"]
[WhiteTeamCountry "HUN"]
[BlackTeamCountry "HUN"]

1. e4 c5 2. f4 Nc6 3. Nf3 d5 4. e5 Bg4 5. Be2 e6 6. c3 Nge7 7. Na3 a6 8. Nc2 g6 9. d3 Nf5 10. 0-0 Bg7 11. Ne3 Nxe3 12. Bxe3 Qe7 13. d4 c4 14. h3 Bxf3 15. Bxf3 0-0 16. Qe1 Qd7 17. g4 Ne7 18. Bf2 h6 19. Bh4 f6 20. exf6 Bxf6 21. Bxf6 Rxf6 22. Qe3 Nc6 23. Bg2 Rf7 24. Rae1 Re8 25. f5 Rf6 26. Qxh6 exf5 27. Rxe8+ Qxe8 28. Bxd5+ Rf7 29. Qxg6+ Kh8 30. Qh5+ 1-0

[Event "HUN-chT2 Maroczy 0910"]
[Site "Hungary"]
[Date "2010.02.28"]
[Round "7"]
[White "Horvath, Denes"]
[Black "Biro, Istvan"]
[Result "1-0"]
[WhiteElo "2003"]
[BlackElo "1805"]
[PlyCount "89"]
[EventDate "2009.11.08"]
[EventType "team-tourn"]
[EventRounds "11"]
[EventCountry "HUN"]
[SourceTitle "EXT 2011"]
[Source "ChessBase"]
[SourceDate "2010.11.26"]
[SourceVersion "1"]
[SourceVersionDate "2010.11.26"]
[SourceQuality "1"]
[WhiteTeam "Matra"]
[BlackTeam "Oroshaza"]
[WhiteTeamCountry "HUN"]
[BlackTeamCountry "HUN"]

1. e4 c5 2. f4 Nc6 3. Nf3 d6 4. d3 g6 5. c3 Nf6 6. Be2 Bg7 7. 0-0 0-0 8. h3 Qc7 9. Qe1 a6 10. g4 h6 11. Qh4 Re8 12. g5 hxg5 13. Nxg5 e5 14. fxe5 Nxe5 15. Bf4 Qb6 16. Nd2 Qxb2 17. Bxe5 dxe5 18. Rxf6 Qxa1+ 19. Rf1 Qxa2 20. Qh7+ Kf8 21. Qxg6 Be6 22. Bg4 Ke7 23. Bxe6 fxg6 24. Bxa2 Rf8 25. Rxf8 Bxf8 26. Ndf3 Bg7 27. Ne6 Bf6 28. Nc7 Rf8 29. Nd5+ Ke6 30. Kg2 Kd6 31. Nxf6 Rxf6 32. h4 b5 33. d4 cxd4 34. cxd4 Rf4 35. dxe5+ Ke7 36. Bd5 a5 37. Kg3 Rf8 38. Nd4 Kd8 39. Ne6+ Ke7 40. Nxf8 Kxf8 41. Bc6 b4 42. Ba4 Ke7 43. Bb3 Kd7 44. Kf4 Kc6 45. e6 1-0

[Event "Eger Tel op"]
[Site "Eger"]
[Date "2008.01.25"]
[Round "3"]
[White "Szego, Krisztian"]
[Black "Horvath, Denes"]
[Result "1-0"]
[WhiteElo "1831"]
[BlackElo "2024"]
[PlyCount "127"]
[EventDate "2008.01.24"]
[EventType "swiss"]
[EventRounds "7"]
[EventCountry "HUN"]
[SourceTitle "EXT 2011"]
[Source "ChessBase"]
[SourceDate "2010.11.26"]
[SourceVersion "1"]
[SourceVersionDate "2010.11.26"]
[SourceQuality "1"]

1. e4 e5 2. Nf3 Nc6 3. d4 exd4 4. Nxd4 Bc5 5. Be3 Bxd4 6. Bxd4 Nxd4 7. Qxd4 Qf6 8. c3 Qxd4 9. cxd4 d6 10. Bc4 f5 11. e5 dxe5 12. dxe5 Bd7 13. 0-0 Ne7 14. Nc3 0-0-0 15. Rad1 Bc6 16. Be6+ Kb8 17. f4 h6 18. h4 a6 19. Kf2 b5 20. Rxd8+ Rxd8 21. Rd1 Rxd1 22. Nxd1 Bd5 23. Bxd5 Nxd5 24. g3 c5 25. Ne3 Ne7 26. h5 Kc7 27. Ke2 Kc6 28. Kd3 Kd7 29. b3 Ke6 30. Ke2 g6 31. hxg6 Nxg6 32. Kf2 h5 33. Kf3 Ne7 34. Ke2 Nc6 35. Kd2 Nb4 36. a3 Nc6 37. Kc3 Nd4 38. b4 Ne2+ 39. Kd3 Nxg3 40. bxc5 Ne4 41. c6 Nc5+ 42. Kd4 Na4 43. c7 Nb6 44. Kc5 Nc8 45. Kc6 h4 46. Kb7 h3 47. Nf1 Ne7 48. Kxa6 Kd5 49. Kxb5 Ke4 50. a4 Kf3 51. a5 Kg2 52. Nh2 Kxh2 53. a6 Nc8 54. e6 Kg1 55. e7 Nxe7 56. a7 h2 57. a8Q h1Q 58. Qxh1+ Kxh1 59. Kc5 Nc8 60. Kd5 Kg2 61. Ke5 Kf3 62. Kxf5 Ke3 63. Ke5 Kd3 64. f5 1-0

[Event "HUN-chT2 Maroczy 0708"]
[Site "Hungary"]
[Date "2007.11.25"]
[Round "3"]
[White "Horvath, Denes"]
[Black "Virag, Csilla"]
[Result "0-1"]
[WhiteElo "2030"]
[BlackElo "1917"]
[PlyCount "30"]
[EventDate "2007.10.14"]
[EventType "team"]
[EventRounds "11"]
[EventCountry "HUN"]
[SourceTitle "EXT 2009"]
[Source "ChessBase"]
[SourceDate "2008.11.26"]
[SourceVersion "1"]
[SourceVersionDate "2008.11.26"]
[SourceQuality "1"]
[WhiteTeam "Matra"]
[BlackTeam "Teva"]
[WhiteTeamCountry "HUN"]
[BlackTeamCountry "HUN"]

1. e4 e5 2. f4 d5 3. exd5 c6 4. dxc6 Nxc6 5. Bb5 a6 6. Bxc6+ bxc6 7. Qe2 Be7 8. fxe5 Nh6 9. Nf3 Nf5 10. c3 Bh4+ 11. Nxh4 Qxh4+ 12. Qf2 Qe4+ 13. Qe2 Qh4+ 14. Qf2 Qe4+ 15. Kd1 Nd4 0-1

[Event "HUN-chT2 Maroczy 0607"]
[Site "Hungary"]
[Date "2007.04.29"]
[Round "9"]
[White "Dobos, Sandor"]
[Black "Horvath, Denes"]
[Result "0-1"]
[WhiteElo "1865"]
[BlackElo "2049"]
[PlyCount "120"]
[EventDate "2006.11.12"]
[EventType "team"]
[EventRounds "11"]
[EventCountry "HUN"]
[SourceTitle "EXT 2008"]
[Source "ChessBase"]
[SourceDate "2007.11.25"]
[SourceVersion "1"]
[SourceVersionDate "2007.11.25"]
[SourceQuality "1"]
[WhiteTeam "Vizugy"]
[BlackTeam "Matra"]
[WhiteTeamCountry "HUN"]
[BlackTeamCountry "HUN"]

1. d4 g6 2. Bf4 d6 3. Nf3 Bg7 4. e3 Nf6 5. c3 c6 6. Nbd2 Bg4 7. Be2 Nbd7 8. h3 Bxf3 9. Nxf3 0-0 10. Qc2 Qb6 11. 0-0 Rac8 12. Rad1 d5 13. Ne5 Nxe5 14. Bxe5 Ne8 15. Bxg7 Nxg7 16. b4 f5 17. Qb3 e6 18. f3 Qd8 19. c4 Qh4 20. f4 g5 21. fxg5 Qxg5 22. Rf4 Kh8 23. Qc3 Rg8 24. Qd2 Ne8 25. Bf1 Nd6 26. c5 Ne4 27. Qe1 Rg6 28. Qh4 Rcg8 29. Qxg5 Rxg5 30. Rc1 Rg3 31. Re1 Rxh3 32. Bd3 Nc3 33. a3 Rhg3 34. Rf2 R3g4 35. Rc2 Ne4 36. Bxe4 Rxe4 37. Kf2 f4 38. Rce2 fxe3+ 39. Rxe3 Rf8+ 40. Kg3 Rxd4 41. Rxe6 Rd3+ 42. R1e3 Rxe3+ 43. Rxe3 Rf7 44. Kg4 Kg7 45. g3 Kf6 46. Kf4 Re7 47. Rb3 h5 48. a4 Re4+ 49. Kf3 Rc4 50. a5 a6 51. Rb1 Ke5 52. Rh1 Rxb4 53. Rxh5+ Kd4 54. Rh4+ Kxc5 55. Rxb4 Kxb4 56. g4 Kc5 57. Kf4 Kd6 58. Kf5 Ke7 59. Kg6 d4 60. g5 d3 0-1

[Event "HUN-chT2 Maroczy 0607"]
[Site "Hungary"]
[Date "2007.04.15"]
[Round "8"]
[White "Horvath, Denes"]
[Black "Berecz, Arpad"]
[Result "1/2-1/2"]
[WhiteElo "2049"]
[BlackElo "2139"]
[PlyCount "98"]
[EventDate "2006.11.12"]
[EventType "team"]
[EventRounds "11"]
[EventCountry "HUN"]
[SourceTitle "EXT 2008"]
[Source "ChessBase"]
[SourceDate "2007.11.25"]
[SourceVersion "1"]
[SourceVersionDate "2007.11.25"]
[SourceQuality "1"]
[WhiteTeam "Matra"]
[BlackTeam "Maroczy"]
[WhiteTeamCountry "HUN"]
[BlackTeamCountry "HUN"]

1. e4 c5 2. f4 d5 3. e5 Nc6 4. Nf3 Bg4 5. Be2 e6 6. c3 Nge7 7. d3 Nf5 8. 0-0 Be7 9. Na3 0-0 10. Nc2 Qb6 11. Rb1 Rad8 12. Ne3 Bxf3 13. Bxf3 Nh4 14. g3 Nxf3+ 15. Qxf3 f5 16. Bd2 d4 17. Nc4 Qa6 18. b4 dxc3 19. b5 Nd4 20. bxa6 Nxf3+ 21. Rxf3 cxd2 22. axb7 Rb8 23. Nxd2 Rfd8 24. Nc4 Rd7 25. Na5 Kf8 26. Rff1 Ke8 27. Rb3 c4 28. dxc4 Bc5+ 29. Kg2 Bb6 30. Rb5 Rd2+ 31. Kh3 Bxa5 32. Rxa5 Rxb7 33. Rb5 Rc7 34. Rc1 h6 35. c5 g5 36. Rb8+ Ke7 37. fxg5 hxg5 38. Rg8 g4+ 39. Kh4 Kf7 40. Rb8 Kg6 41. Rg8+ Kh7 42. Re8 Rxh2+ 43. Kg5 Rg7+ 44. Kf4 Rf2+ 45. Ke3 Rf3+ 46. Ke2 Kg6 47. Rxe6+ Kg5 48. Rg1 Rb7 49. Rd6 Rb4 1/2-1/2

[Event "Gyongyos Matra Cup"]
[Site "Gyongyos"]
[Date "2004.08.03"]
[Round "7"]
[White "Horvath, Denes"]
[Black "Prokopisin, Vasily"]
[Result "0-1"]
[WhiteElo "2083"]
[BlackElo "2361"]
[PlyCount "114"]
[EventDate "2004.07.27"]
[EventType "swiss"]
[EventRounds "9"]
[EventCountry "HUN"]
[SourceTitle "EXT 2008"]
[Source "ChessBase"]
[SourceDate "2007.11.25"]
[SourceVersion "1"]
[SourceVersionDate "2007.11.25"]
[SourceQuality "1"]

1. e4 c5 2. f4 Nc6 3. Nf3 g6 4. c3 Bg7 5. d3 d6 6. Be2 e6 7. 0-0 Nge7 8. Be3 0-0 9. Nbd2 b6 10. Qe1 f5 11. h3 e5 12. Qh4 Ba6 13. Ng5 h6 14. Ne6 Qd7 15. Nxf8 Rxf8 16. fxe5 g5 17. Qh5 f4 18. Bf2 dxe5 19. Nc4 Qe6 20. Bg4 Qf6 21. h4 Rf7 22. Be1 Ng6 23. hxg5 hxg5 24. Rf3 Nce7 25. Qh3 Nf8 26. Rd1 Qc6 27. b3 b5 28. Na5 Qb6 29. c4 b4 30. a3 Qxa5 31. axb4 cxb4 32. Bf2 Bb7 33. Qh5 Bf6 34. Rh3 Qd8 35. d4 Qc7 36. dxe5 Bxe5 37. Rd7 Qc6 38. Qxg5+ Rg7 39. Qxe5 Nxd7 40. Be6+ Kf8 41. Qxf4+ Ke8 42. Rh8+ Ng8 43. Rxg8+ Rxg8 44. Qf7+ Kd8 45. Qxg8+ Kc7 46. Bd5 Qf6 47. Bxb7 Kxb7 48. Qd5+ Kc7 49. Bg3+ Kd8 50. e5 Qg5 51. Qd4 Qxg3 52. Qxa7 Qe1+ 53. Kh2 Qxe5+ 54. Kg1 Qc5+ 55. Qxc5 Nxc5 56. Kf1 Nxb3 57. Ke1 Nc5 0-1

[Event "Gyongyos Matra Cup"]
[Site "Gyongyos"]
[Date "2004.08.02"]
[Round "6"]
[White "Jacso, Adam"]
[Black "Horvath, Denes"]
[Result "0-1"]
[WhiteElo "2027"]
[BlackElo "2083"]
[PlyCount "100"]
[EventDate "2004.07.27"]
[EventType "swiss"]
[EventRounds "9"]
[EventCountry "HUN"]
[SourceTitle "EXT 2008"]
[Source "ChessBase"]
[SourceDate "2007.11.25"]
[SourceVersion "1"]
[SourceVersionDate "2007.11.25"]
[SourceQuality "1"]

1. d4 g6 2. c4 d6 3. Nc3 Bg7 4. e4 f5 5. Nf3 fxe4 6. Nxe4 Nf6 7. Bd3 c6 8. 0-0 Bg4 9. h3 Bxf3 10. Qxf3 Nxe4 11. Qxe4 Nd7 12. Bg5 Nf6 13. Qh4 Qd7 14. Bh6 Bxh6 15. Qxh6 0-0-0 16. b4 e5 17. b5 exd4 18. Qh4 Rhf8 19. bxc6 Qxc6 20. Qxd4 Qc5 21. Qc3 Nh5 22. Rab1 a6 23. Be4 Rd7 24. Qb3 Rff7 25. Bd5 Rfe7 26. Qf3 Kb8 27. Rb2 Ng7 28. Rfb1 Qc8 29. Rb6 Ka7 30. Qa3 Qc5 31. Qb3 Qc8 32. Qa4 Re1+ 33. Rxe1 Kxb6 34. Qd1 Qc5 35. Qf3 Ka7 36. Qg4 Nf5 37. Re8 Re7 38. Rxe7 Nxe7 39. Bf3 Nf5 40. Qe4 Qb6 41. g4 Nd4 42. Bg2 Nc6 43. Qe2 Ne5 44. Kh2 Qd4 45. Bd5 b5 46. Bg8 bxc4 47. Kg2 Qd3 48. Kf1 c3 49. Qxd3 Nxd3 50. Ke2 c2 0-1

[Event "HUN-chT2 9900"]
[Site "Hungary"]
[Date "2000.04.02"]
[Round "11"]
[White "Demjen, Attila"]
[Black "Horvath, Denes"]
[Result "1/2-1/2"]
[WhiteElo "2076"]
[BlackElo "2132"]
[PlyCount "84"]
[EventDate "1999.09.26"]
[EventType "team"]
[EventRounds "11"]
[EventCountry "HUN"]
[SourceTitle "EXT 2002"]
[Source "ChessBase"]
[SourceDate "2001.11.25"]
[SourceVersion "1"]
[SourceVersionDate "2001.11.25"]
[SourceQuality "1"]

1. e4 e5 2. Nf3 Nc6 3. Bb5 Nd4 4. Nxd4 exd4 5. 0-0 c6 6. Bc4 Nf6 7. e5 d5 8. Bb3 Ne4 9. d3 Nc5 10. Nd2 Be7 11. a3 Nxb3 12. Nxb3 c5 13. Bd2 b6 14. Be1 0-0 15. f4 f6 16. exf6 Bxf6 17. Bf2 Qd6 18. Qd2 Bd7 19. Rae1 Rae8 20. Rxe8 Rxe8 21. Re1 Rxe1+ 22. Bxe1 Qe7 23. Bf2 h6 24. Qe1 Qxe1+ 25. Bxe1 c4 26. Nc1 Bg4 27. Kf2 Bd1 28. c3 g5 29. g3 Kf7 30. Bd2 gxf4 31. gxf4 Ke6 32. Ke1 Bc2 33. dxc4 dxc4 34. cxd4 Bxd4 35. Bc3 Bg1 36. Kd2 Bf5 37. Ne2 Bc5 38. Nd4+ Bxd4 39. Bxd4 Kd5 40. Kc3 h5 41. Bf6 Be6 42. h4 Bd7 1/2-1/2

[Event "HUN-chT2 9900"]
[Site "Hungary"]
[Date "1999.11.21"]
[Round "5"]
[White "Hajdu, Andras"]
[Black "Horvath, Denes"]
[Result "1/2-1/2"]
[WhiteElo "2119"]
[BlackElo "2132"]
[PlyCount "52"]
[EventDate "1999.09.26"]
[EventType "team"]
[EventRounds "11"]
[EventCountry "HUN"]
[SourceTitle "EXT 2002"]
[Source "ChessBase"]
[SourceDate "2001.11.25"]
[SourceVersion "1"]
[SourceVersionDate "2001.11.25"]
[SourceQuality "1"]

1. e4 e5 2. Nf3 Nc6 3. Bb5 Nd4 4. Nxd4 exd4 5. 0-0 c6 6. Bc4 Nf6 7. e5 d5 8. exd6 Qxd6 9. Re1+ Be7 10. Qe2 b5 11. Bb3 a5 12. a4 b4 13. d3 Ra7 14. Bg5 0-0 15. Bxf6 Bxf6 16. Nd2 Qf4 17. Nf1 c5 18. Bd5 Qd6 19. Bf3 Re7 20. Qd2 Rfe8 21. Rxe7 Rxe7 22. Re1 Bg5 23. Rxe7 Qxe7 24. Qd1 f5 25. b3 g6 26. g3 Kg7 1/2-1/2

[Event "Heves Infotozsde Cup 3rd"]
[Site "Heves"]
[Date "1999.05.23"]
[Round "9"]
[White "Gacso, Tibor"]
[Black "Horvath, Denes"]
[Result "0-1"]
[WhiteElo "2190"]
[BlackElo "2143"]
[PlyCount "122"]
[EventDate "1999.05.??"]
[EventType "tourn"]
[EventRounds "11"]
[EventCountry "HUN"]
[SourceTitle "EXT 2003"]
[Source "ChessBase"]
[SourceDate "2002.11.25"]
[SourceVersion "1"]
[SourceVersionDate "2002.11.25"]
[SourceQuality "1"]

1. d4 d6 2. c4 g6 3. Nc3 Bg7 4. e4 Nf6 5. Be2 c6 6. Bg5 Nbd7 7. f3 0-0 8. Qd2 a6 9. a4 a5 10. Bd1 b6 11. Nge2 Ba6 12. b3 Qc7 13. 0-0 e5 14. d5 cxd5 15. exd5 Nc5 16. Bc2 Rfc8 17. Ng3 Nfd7 18. Rae1 f5 19. Bh6 Nf8 20. Qg5 Bxh6 21. Qxh6 Qg7 22. Qd2 Ra7 23. Rf2 Rf7 24. Rfe2 Nfd7 25. Nd1 h5 26. Qg5 Qf6 27. Qxf6 Rxf6 28. Nc3 h4 29. Nf1 Kg7 30. Nd2 Rh8 31. g4 hxg3 32. hxg3 Rff8 33. Rh2 Rxh2 34. Kxh2 Rh8+ 35. Kg2 Kf6 36. Rb1 Rh6 37. Nb5 Bxb5 38. cxb5 Ke7 39. Nc4 Rh8 40. b4 axb4 41. Rxb4 Rb8 42. Ne3 Nf6 43. Rh4 e4 44. Rh1 Rc8 45. Ra1 exf3+ 46. Kxf3 Nb7 47. Rd1 Rc3 48. Rd3 Rc5 49. Rd4 Na5 50. Kf4 Kf7 51. Bd3 Nd7 52. Be2 Kf6 53. Kf3 Nb3 54. Rd1 Ne5+ 55. Kf2 Rc3 56. Ng2 Nc5 57. Ne1 Ne4+ 58. Kg1 Rxg3+ 59. Kf1 Ra3 60. Rd4 Ra1 61. Bd1 Nc3 0-1

[Event "Heves Infotozsde Cup 3rd"]
[Site "Heves"]
[Date "1999.05.22"]
[Round "7"]
[White "Mede, Istvan"]
[Black "Horvath, Denes"]
[Result "0-1"]
[WhiteElo "2154"]
[BlackElo "2143"]
[PlyCount "70"]
[EventDate "1999.05.??"]
[EventType "tourn"]
[EventRounds "11"]
[EventCountry "HUN"]
[SourceTitle "EXT 2003"]
[Source "ChessBase"]
[SourceDate "2002.11.25"]
[SourceVersion "1"]
[SourceVersionDate "2002.11.25"]
[SourceQuality "1"]

1. e4 e5 2. Nf3 Nc6 3. d4 exd4 4. Nxd4 Bc5 5. Be3 Bxd4 6. Bxd4 Nxd4 7. Qxd4 Qf6 8. e5 Qb6 9. Qxb6 axb6 10. Nc3 c6 11. Ne4 f6 12. Nd6+ Ke7 13. f4 Nh6 14. Bc4 fxe5 15. fxe5 Ra5 16. 0-0-0 Rxe5 17. h3 Kd8 18. Rhf1 b5 19. Bb3 Kc7 20. g4 g6 21. h4 Re2 22. Rf4 Rh2 23. g5 Nf5 24. Nxf5 gxf5 25. Rxf5 Rxh4 26. Rf7 Kb6 27. Rd6 Rg4 28. Rg7 Rg2 29. Bg8 Rg1+ 30. Kd2 h5 31. Bf7 h4 32. g6 h3 33. Rh7 Rxh7 34. gxh7 h2 35. Bd5 h1Q 0-1

[Event "Gyongyos Matra Cup"]
[Site "Gyongyos"]
[Date "1999.??.??"]
[Round "4"]
[White "Gyurkovics, Miklos"]
[Black "Horvath, Denes"]
[Result "1-0"]
[WhiteElo "2235"]
[BlackElo "2140"]
[PlyCount "35"]
[EventDate "1999.??.??"]
[EventType "swiss"]
[EventRounds "9"]
[EventCountry "HUN"]
[SourceTitle "EXT 2000"]
[Source "ChessBase"]
[SourceDate "1999.11.16"]
[SourceVersion "1"]
[SourceVersionDate "1999.11.16"]
[SourceQuality "1"]

1. c4 e5 2. Nc3 f5 3. d4 e4 4. Nh3 Nf6 5. Bg5 Be7 6. e3 c6 7. Nf4 Na6 8. Be2 Nc7 9. Qb3 Ne6 10. h4 Nxf4 11. Bxf4 Qb6 12. c5 Qxb3 13. axb3 0-0 14. Bc4+ Kh8 15. h5 Ne8 16. h6 g5 17. Be5+ Bf6 18. Rh5 1-0

[Event "Gyongyos Matra Cup"]
[Site "Gyongyos"]
[Date "1999.??.??"]
[Round "6"]
[White "Horvath, Denes"]
[Black "Olah, Sandor"]
[Result "1-0"]
[WhiteElo "2140"]
[BlackElo "2055"]
[PlyCount "119"]
[EventDate "1999.??.??"]
[EventType "swiss"]
[EventRounds "9"]
[EventCountry "HUN"]
[SourceTitle "EXT 2000"]
[Source "ChessBase"]
[SourceDate "1999.11.16"]
[SourceVersion "1"]
[SourceVersionDate "1999.11.16"]
[SourceQuality "1"]

1. e4 e5 2. f4 Qh4+ 3. g3 Qe7 4. fxe5 d6 5. Bg2 dxe5 6. Nf3 Nf6 7. Nc3 c6 8. d3 Bg4 9. Be3 Nbd7 10. Qd2 Qb4 11. Nd1 Qxd2+ 12. Bxd2 Bc5 13. Be3 Bxe3 14. Nxe3 0-0 15. h3 Be6 16. g4 Rfe8 17. Ng5 Nf8 18. Ke2 Ng6 19. Nxe6 Rxe6 20. Kf3 Rd8 21. h4 Nf4 22. Bh3 Nxh3 23. Rxh3 Ne8 24. Nf5 Nd6 25. Ke3 Nb5 26. a4 Nd4 27. Kd2 c5 28. Rf1 c4 29. c3 Nxf5 30. Rxf5 f6 31. Kc2 Ra6 32. dxc4 Rxa4 33. g5 Ra6 34. h5 fxg5 35. Rxg5 Re6 36. Rhg3 Re7 37. Rf3 Rf7 38. Rxf7 Kxf7 39. Rxe5 g6 40. hxg6+ hxg6 41. Rd5 Re8 42. Rd7+ Re7 43. Rd4 Kf6 44. Kd3 g5 45. Ke3 Rh7 46. Rd8 Rh3+ 47. Kd4 Rh2 48. e5+ Ke7 49. Rg8 Rxb2 50. Rxg5 Rb1 51. Rg6 Rd1+ 52. Kc5 Rb1 53. Rg2 Ke6 54. Ra2 b6+ 55. Kc6 Rb3 56. Rxa7 Rxc3 57. Ra4 Rb3 58. Ra6 Rb4 59. c5 bxc5 60. Kxc5+ 1-0

[Event "Gyongyos Matra Cup"]
[Site "Gyongyos"]
[Date "1998.??.??"]
[Round "7"]
[White "Foldi, Istvan"]
[Black "Horvath, Denes"]
[Result "1-0"]
[WhiteElo "2390"]
[BlackElo "2160"]
[PlyCount "57"]
[EventDate "1998.??.??"]
[EventType "swiss"]
[EventRounds "9"]
[EventCountry "HUN"]
[SourceTitle "EXT 2000"]
[Source "ChessBase"]
[SourceDate "1999.11.16"]
[SourceVersion "1"]
[SourceVersionDate "1999.11.16"]
[SourceQuality "1"]

1. e4 e5 2. Nf3 Nc6 3. Bb5 Nd4 4. Nxd4 exd4 5. 0-0 c6 6. Ba4 Bc5 7. d3 Ne7 8. f4 d5 9. f5 dxe4 10. dxe4 d3+ 11. Kh1 dxc2 12. Qxc2 Qb6 13. Bb3 f6 14. Nc3 Bd6 15. Qe2 h5 16. Be3 Qc7 17. Bg1 Bd7 18. Rac1 Qa5 19. Qc4 Rf8 20. Rcd1 Qe5 21. Qd3 Nc8 22. Ne2 h4 23. Nf4 Qxb2 24. Ng6 b5 25. e5 fxe5 26. Nxf8 Kxf8 27. f6 gxf6 28. Rxf6+ Ke7 29. Rxd6 1-0

[Event "Erkel Memorial op"]
[Site "Gyula"]
[Date "1997.??.??"]
[Round "3"]
[White "Ardeleanu, Alin"]
[Black "Horvath, Denes"]
[Result "1-0"]
[WhiteElo "2420"]
[BlackElo "2155"]
[PlyCount "57"]
[EventDate "1997.??.??"]
[EventType "swiss"]
[EventRounds "9"]
[EventCountry "HUN"]
[SourceTitle "EXT 2001"]
[Source "ChessBase"]
[SourceDate "2000.11.22"]
[SourceVersion "1"]
[SourceVersionDate "2000.11.22"]
[SourceQuality "1"]

1. e4 e5 2. Nf3 Nc6 3. Nc3 d6 4. Bb5 Bd7 5. d4 exd4 6. Nxd4 Nxd4 7. Bxd7+ Qxd7 8. Qxd4 Ne7 9. 0-0 Nc6 10. Qa4 Be7 11. Nd5 a6 12. Qc4 Rc8 13. f4 Bf6 14. a4 Bd4+ 15. Kh1 0-0 16. Rf3 Bb6 17. Rg3 Kh8 18. f5 f6 19. Nf4 Qf7 20. Ne6 Rg8 21. Rh3 Ne5 22. Qb3 g5 23. Bd2 Rce8 24. Bc3 Re7 25. Bxe5 dxe5 26. Rd1 Rd7 27. Rxd7 Qxd7 28. Qd3 Qxa4 29. Rxh7+ 1-0

[Event "Erkel Memorial op"]
[Site "Gyula"]
[Date "1997.??.??"]
[Round "5"]
[White "Hocevar, Nikola"]
[Black "Horvath, Denes"]
[Result "1-0"]
[WhiteElo "2220"]
[BlackElo "2155"]
[PlyCount "109"]
[EventDate "1997.??.??"]
[EventType "swiss"]
[EventRounds "9"]
[EventCountry "HUN"]
[SourceTitle "EXT 2001"]
[Source "ChessBase"]
[SourceDate "2000.11.22"]
[SourceVersion "1"]
[SourceVersionDate "2000.11.22"]
[SourceQuality "1"]

1. c4 e5 2. Nc3 f5 3. d4 e4 4. e3 c6 5. Nge2 Nf6 6. Nf4 Bd6 7. Nh5 0-0 8. c5 Bc7 9. Bc4+ Kh8 10. g3 d5 11. cxd6 Bxd6 12. a3 Nxh5 13. Qxh5 Nd7 14. Qe2 Nf6 15. Ba2 Qe8 16. 0-0 h5 17. Bd2 h4 18. f4 h3 19. Nd1 Ng4 20. Nf2 Qh5 21. Bc3 Kh7 22. Rac1 Bd7 23. Rfd1 Rae8 24. Bb4 Bxb4 25. axb4 Be6 26. Nxg4 Qxg4 27. Qxg4 fxg4 28. Bxe6 Rxe6 29. Rc5 Rff6 30. Rf1 Rd6 31. Re5 Rfe6 32. Rxe6 Rxe6 33. f5 Rd6 34. Rf4 Rd5 35. Rxe4 Rxf5 36. Rxg4 Rb5 37. Kf2 Rxb4 38. Rh4+ Kg6 39. Kf3 Rxb2 40. Rxh3 a5 41. Rh8 b5 42. Ra8 a4 43. Ra6 Rxh2 44. d5 Kf7 45. Ra7+ Ke8 46. dxc6 Kd8 47. Ke4 Rg2 48. Kd5 Rxg3 49. Kd6 Rg6+ 50. Kc5 Re6 51. Kb6 Rxe3 52. Rxg7 Rc3 53. c7+ Ke8 54. Rg8+ Kd7 55. Rd8+ 1-0